000 00545nam a2200181Ia 4500
008 100917s9999 xx 000 0 und d
082 _b55478
100 _aमुधोळकर रमेश
245 _aबिरबल बादशाह- 5
260 _bअनमोल प्रकाशन
_c1980
300 _a32
365 _b2
520 _aबालविभाग
630 _aबिरबल बादशाह- 5
650 _aबालविभाग
730 _aबिरबल बादशाह- 5
942 _cBOOK
999 _c660872
_d660869